[Event "Heusenstamm Sparkassen op-A 5th"]
[Site "Heusenstamm"]
[Date "2018.11.23"]
[Round "2"]
[White "Vakulenko, Aleksandr"]
[Black "Mager, Thomas"]
[Result "1-0"]
[WhiteElo "1999"]
[BlackElo "1854"]
[PlyCount "53"]
[EventDate "2018.11.22"]
[EventType "swiss"]
[EventRounds "7"]
[EventCountry "GER"]
[SourceTitle "CBM 188 Extra"]
[Source "ChessBase"]
[SourceDate "2019.02.26"]
[SourceVersion "1"]
[SourceVersionDate "2019.02.26"]
[SourceQuality "1"]

1. d4 f5 2. Nf3 Nf6 3. g3 g6 4. Bg2 Bg7 5. 0-0 0-0 6. b3 d6 7. Bb2 c6 8. Nbd2 Nbd7 9. Re1 d5 10. c4 Ne4 11. cxd5 cxd5 12. Rc1 Ndf6 13. Ne5 Bd7 14. f3 Nd6 15. b4 a5 16. Nb3 axb4 17. Nc5 b6 18. Nexd7 Nxd7 19. Ne6 Qb8 20. Nxf8 Nxf8 21. Qb3 Nc4 22. e4 e6 23. exd5 exd5 24. f4 Qd6 25. Rxc4 dxc4 26. Qxc4+ Kh8 27. Bxa8 1-0

[Event "Heusenstamm Sparkassen op-A 5th"]
[Site "Heusenstamm"]
[Date "2018.11.22"]
[Round "1"]
[White "Mager, Thomas"]
[Black "Gallasch, Jonas"]
[Result "0-1"]
[WhiteElo "1854"]
[BlackElo "2100"]
[PlyCount "68"]
[EventDate "2018.11.22"]
[EventType "swiss"]
[EventRounds "7"]
[EventCountry "GER"]
[SourceTitle "CBM 188 Extra"]
[Source "ChessBase"]
[SourceDate "2019.02.26"]
[SourceVersion "1"]
[SourceVersionDate "2019.02.26"]
[SourceQuality "1"]

1. c4 c5 2. Nc3 Nc6 3. g3 g6 4. Bg2 Bg7 5. e4 Nf6 6. Nge2 0-0 7. 0-0 Ne8 8. d3 Nc7 9. Be3 Ne6 10. f4 d6 11. f5 Ned4 12. g4 Rb8 13. Ng3 b5 14. Qd2 bxc4 15. dxc4 Ne5 16. b3 Nxg4 17. Rad1 Nxe3 18. Qxe3 Nc2 19. Qc1 Bd4+ 20. Kh1 Ne3 21. Rf3 Nxd1 22. Nxd1 Qa5 23. Nc3 Bxc3 24. Rxc3 Qxa2 25. Qe3 Qa1+ 26. Bf1 Bd7 27. h4 Kh8 28. Qf3 gxf5 29. Nxf5 Bxf5 30. exf5 Qe1 31. Qh3 Rg8 32. Re3 Qf2 33. Bg2 Rxg2 34. Qxg2 Qxe3 0-1

[Event "Heusenstamm Sparkassen op-A 4th"]
[Site "Heusenstamm"]
[Date "2017.11.26"]
[Round "7"]
[White "Kuepper, Martin"]
[Black "Mager, Thomas"]
[Result "1-0"]
[WhiteElo "2031"]
[BlackElo "1863"]
[PlyCount "55"]
[EventDate "2017.11.23"]
[EventType "swiss"]
[EventRounds "7"]
[EventCountry "GER"]
[SourceTitle "EXT 2019"]
[Source "ChessBase"]
[SourceDate "2018.10.10"]
[SourceVersion "1"]
[SourceVersionDate "2018.10.10"]
[SourceQuality "1"]

1. e4 e6 2. d4 d5 3. Nc3 Nc6 4. Nf3 Nf6 5. Bg5 Be7 6. e5 Ne4 7. Be3 Bb4 8. Qd3 Nxc3 9. bxc3 Be7 10. Be2 0-0 11. h4 f5 12. exf6 Bxf6 13. Ng5 Bxg5 14. hxg5 g6 15. 0-0-0 Qe7 16. Kb1 b5 17. Rh2 Rf7 18. Rdh1 Rg7 19. Ka1 Rb8 20. Bg4 Na5 21. Bc1 Nc4 22. Re1 Rb6 23. f4 Qd6 24. f5 Ra6 25. f6 Rf7 26. Rxh7 Kxh7 27. Rh1+ Kg8 28. Qxg6+ 1-0

[Event "Heusenstamm Sparkassen op-A 4th"]
[Site "Heusenstamm"]
[Date "2017.11.24"]
[Round "3"]
[White "Bitzer, Andre"]
[Black "Mager, Thomas"]
[Result "0-1"]
[WhiteElo "1719"]
[BlackElo "1863"]
[PlyCount "52"]
[EventDate "2017.11.23"]
[EventType "swiss"]
[EventRounds "7"]
[EventCountry "GER"]
[SourceTitle "EXT 2019"]
[Source "ChessBase"]
[SourceDate "2018.10.10"]
[SourceVersion "1"]
[SourceVersionDate "2018.10.10"]
[SourceQuality "1"]

1. b3 d5 2. Bb2 Nf6 3. e3 c5 4. f4 Nc6 5. Bb5 e6 6. Nf3 a6 7. Bxc6+ bxc6 8. 0-0 Bd6 9. Qe2 0-0 10. d3 Nd7 11. Ne5 Qc7 12. Nxd7 Bxd7 13. Nc3 e5 14. f5 e4 15. dxe4 Bxh2+ 16. Kh1 d4 17. Na4 Be5 18. Nxc5 Qd6 19. f6 Qxc5 20. exd4 Bxd4 21. Bxd4 Qxd4 22. Rad1 Qe5 23. Rxd7 gxf6 24. Rf5 Qe6 25. Rd3 Rfe8 26. Rh3 Qxf5 0-1

[Event "Eschborn op"]
[Site "Eschborn"]
[Date "2017.10.15"]
[Round "5"]
[White "Nickel, Ruediger"]
[Black "Mager, Thomas"]
[Result "1/2-1/2"]
[WhiteElo "2065"]
[BlackElo "1754"]
[PlyCount "50"]
[EventDate "2017.10.13"]
[EventType "swiss"]
[EventRounds "5"]
[EventCountry "GER"]
[SourceTitle "EXT 2019"]
[Source "ChessBase"]
[SourceDate "2018.10.10"]
[SourceVersion "1"]
[SourceVersionDate "2018.10.10"]
[SourceQuality "1"]

1. e4 e6 2. d4 d5 3. e5 c5 4. c3 Nc6 5. Nf3 Bd7 6. Be2 Qb6 7. 0-0 cxd4 8. cxd4 f6 9. Nc3 Bb4 10. Be3 Bxc3 11. bxc3 Qc7 12. c4 fxe5 13. cxd5 exd5 14. dxe5 Nge7 15. Bc5 0-0 16. Rc1 Qa5 17. Qb3 b6 18. Bd6 Rfe8 19. Rfd1 Rac8 20. Ng5 Bf5 21. Rc4 dxc4 22. Bxc4+ Kh8 23. Nf7+ Kg8 24. Ng5+ Kh8 25. Nf7+ Kg8 1/2-1/2

[Event "Eschborn op"]
[Site "Eschborn"]
[Date "2017.10.14"]
[Round "3"]
[White "Mager, Thomas"]
[Black "Werner, Tom"]
[Result "1/2-1/2"]
[WhiteElo "1754"]
[BlackElo "1512"]
[PlyCount "44"]
[EventDate "2017.10.13"]
[EventType "swiss"]
[EventRounds "5"]
[EventCountry "GER"]
[SourceTitle "EXT 2019"]
[Source "ChessBase"]
[SourceDate "2018.10.10"]
[SourceVersion "1"]
[SourceVersionDate "2018.10.10"]
[SourceQuality "1"]

1. c4 e5 2. g3 Nf6 3. Bg2 d5 4. cxd5 Nxd5 5. Nc3 Be6 6. Nf3 Nc6 7. 0-0 Be7 8. d3 0-0 9. a3 f5 10. Qc2 Qd7 11. b4 a6 12. Bb2 Nb6 13. Rfd1 Bd6 14. e3 Qf7 15. Ng5 Bb3 16. Nxf7 Bxc2 17. Rd2 Bb3 18. Ng5 h6 19. Nf3 Rae8 20. Rc1 Rf7 21. Re2 Rfe7 22. Nd2 Bf7 1/2-1/2

[Event "Eschborn op"]
[Site "Eschborn"]
[Date "2016.09.04"]
[Round "5"]
[White "Mager, Thomas"]
[Black "Reinisch, Markus"]
[Result "1/2-1/2"]
[WhiteElo "1770"]
[BlackElo "1659"]
[PlyCount "41"]
[EventDate "2016.09.02"]
[EventType "swiss"]
[EventRounds "5"]
[EventCountry "GER"]
[SourceTitle "EXT 2018"]
[Source "ChessBase"]
[SourceDate "2017.10.13"]
[SourceVersion "1"]
[SourceVersionDate "2017.10.13"]
[SourceQuality "1"]

1. c4 e6 2. g3 d5 3. Bg2 c6 4. b3 Nf6 5. Nf3 Be7 6. 0-0 0-0 7. Bb2 Nbd7 8. d3 b6 9. Nbd2 Bb7 10. Rc1 Rc8 11. h3 a5 12. e4 dxe4 13. dxe4 Nc5 14. e5 Nfd7 15. Qe2 Qc7 16. Rcd1 Rfd8 17. Nh2 Nb8 18. Ne4 Nxe4 19. Bxe4 c5 20. f4 Bxe4 21. Qxe4 1/2-1/2

[Event "Heusenstamm Sparkassen op-A 2nd"]
[Site "Heusenstamm"]
[Date "2015.11.29"]
[Round "7"]
[White "Kalepky, Helmut"]
[Black "Mager, Thomas"]
[Result "1/2-1/2"]
[WhiteElo "2064"]
[BlackElo "1838"]
[PlyCount "40"]
[EventDate "2015.11.26"]
[EventType "swiss"]
[EventRounds "7"]
[EventCountry "GER"]
[SourceTitle "EXT 2018"]
[Source "ChessBase"]
[SourceDate "2017.10.13"]
[SourceVersion "1"]
[SourceVersionDate "2017.10.13"]
[SourceQuality "1"]

1. d4 f5 2. c4 Nf6 3. g3 g6 4. Bg2 Bg7 5. Nf3 0-0 6. Nc3 d6 7. 0-0 Qe8 8. d5 a5 9. Nd4 Na6 10. Bg5 Bd7 11. Rc1 Rb8 12. Qd2 c6 13. h3 Nc5 14. Bxf6 Bxf6 15. Rfd1 Rd8 16. Kh2 e5 17. dxe6 Nxe6 18. Nxe6 Bxe6 19. b3 Qf7 20. e3 Rd7 1/2-1/2

[Event "Heusenstamm Sparkassen op-A 2nd"]
[Site "Heusenstamm"]
[Date "2015.11.28"]
[Round "5"]
[White "Mager, Thomas"]
[Black "Papadopoulos, Ioannis1111"]
[Result "0-1"]
[WhiteElo "1838"]
[BlackElo "1656"]
[PlyCount "120"]
[EventDate "2015.11.26"]
[EventType "swiss"]
[EventRounds "7"]
[EventCountry "GER"]
[SourceTitle "EXT 2018"]
[Source "ChessBase"]
[SourceDate "2017.10.13"]
[SourceVersion "1"]
[SourceVersionDate "2017.10.13"]
[SourceQuality "1"]

1. d4 d5 2. Bf4 Nf6 3. e3 Bf5 4. Nf3 e6 5. Nbd2 Be7 6. h3 Nbd7 7. c4 0-0 8. Be2 b6 9. 0-0 c5 10. Nh4 Bg6 11. Nxg6 fxg6 12. Rc1 Rc8 13. cxd5 exd5 14. Ba6 Rc6 15. Nf3 h6 16. Ne5 Nxe5 17. dxe5 Nh5 18. Bb7 Rc7 19. Bxd5+ Kh7 20. Bh2 Rd7 21. e4 Bg5 22. Rb1 Bf4 23. Qb3 Bxh2+ 24. Kxh2 Qc7 25. Qc3 Re7 26. g3 Rxe5 27. b4 Nf6 28. f4 Re7 29. bxc5 Nxe4 30. Bxe4 Rxe4 31. Qf3 Rfe8 32. h4 Qxc5 33. Rb2 Re3 34. Qd1 Qc4 35. Rg2 Re2 36. h5 Rxg2+ 37. Kxg2 Re2+ 38. Rf2 Qe4+ 39. Kf1 Rxf2+ 40. Kxf2 gxh5 41. Qxh5 Qc2+ 42. Ke3 Qc3+ 43. Kf2 Qd2+ 44. Kf1 Qxa2 45. Qf5+ Kh8 46. Qc8+ Qg8 47. Qc7 Qa8 48. Kf2 b5 49. Qe7 a5 50. f5 Qc8 51. g4 b4 52. Kg3 b3 53. Kh4 Qb8 54. Kh3 Qb6 55. Qe8+ Kh7 56. Qe4 Qf6 57. Qb1 Qc3+ 58. Kh4 Qc2 59. Qh1 b2 60. g5 Qxf5 0-1

[Event "Main Vogelsberg op 10th"]
[Site "Hanau"]
[Date "2015.05.24"]
[Round "4"]
[White "Hilbenz, Guntram"]
[Black "Mager, Thomas"]
[Result "1/2-1/2"]
[WhiteElo "1938"]
[BlackElo "1861"]
[PlyCount "36"]
[EventDate "2015.05.22"]
[EventType "swiss"]
[EventRounds "7"]
[EventCountry "GER"]
[SourceTitle "EXT 2016"]
[Source "ChessBase"]
[SourceDate "2015.10.08"]
[SourceVersion "1"]
[SourceVersionDate "2015.10.08"]
[SourceQuality "1"]

1. c4 e6 2. g3 Nf6 3. Bg2 c5 4. Nf3 Be7 5. Nc3 0-0 6. 0-0 Nc6 7. d4 d5 8. cxd5 exd5 9. dxc5 Bxc5 10. Bg5 Be6 11. Rc1 Be7 12. e3 Qd7 13. Nd4 h6 14. Bxf6 Bxf6 15. Nce2 Rfd8 16. Qd2 Rac8 17. Rfd1 Bg4 18. f3 Be6 1/2-1/2

[Event "Forchheim op-B 12th"]
[Site "Forchheim"]
[Date "2013.09.27"]
[Round "1"]
[White "Mager, Thomas"]
[Black "Full, Joachim"]
[Result "1-0"]
[WhiteElo "1874"]
[BlackElo "2106"]
[PlyCount "81"]
[EventDate "2013.09.27"]
[EventType "swiss"]
[EventRounds "5"]
[EventCountry "GER"]
[SourceTitle "EXT 2019"]
[Source "ChessBase"]
[SourceDate "2018.10.10"]
[SourceVersion "1"]
[SourceVersionDate "2018.10.10"]
[SourceQuality "1"]

1. d4 e6 2. c4 Nc6 3. Nc3 d5 4. Nf3 Nf6 5. Bg5 Be7 6. e3 0-0 7. Bd3 a6 8. 0-0 dxc4 9. Bxc4 b5 10. Bd3 Bb7 11. Rc1 Rc8 12. a3 b4 13. Bxf6 Bxf6 14. Ne4 bxa3 15. bxa3 Nb8 16. Nxf6+ Qxf6 17. Ne5 Qg5 18. e4 Rfd8 19. f4 Qe7 20. f5 exf5 21. Rxf5 Rxd4 22. Qb3 Rxd3 23. Nxd3 Bxe4 24. Re1 Qd7 25. Re5 Bxd3 26. Qxd3 Qc6 27. Qc4 Qb6+ 28. Kh1 h6 29. Re8+ Rxe8 30. Rxe8+ Kh7 31. Qe4+ g6 32. h3 Nc6 33. Qc4 Kg7 34. Qc3+ f6 35. Re6 Qb1+ 36. Kh2 Ne5 37. Qxc7+ Nf7 38. Rxa6 g5 39. Ra7 Qa2 40. a4 Kg6 41. Qxf7+ 1-0

[Event "Wiesbaden op 24th"]
[Site "Wiesbaden"]
[Date "2012.08.25"]
[Round "4"]
[White "Mager, Thomas"]
[Black "Kreyssig, Bruno"]
[Result "1/2-1/2"]
[WhiteElo "1883"]
[BlackElo "1717"]
[PlyCount "73"]
[EventDate "2012.08.23"]
[EventType "swiss"]
[EventRounds "7"]
[EventCountry "GER"]
[SourceTitle "CBM 150 Extra"]
[Source "ChessBase"]
[SourceDate "2012.10.19"]
[SourceVersion "1"]
[SourceVersionDate "2012.10.19"]
[SourceQuality "1"]

1. d4 Nf6 2. Bf4 g6 3. e3 Bg7 4. Nf3 d6 5. Be2 0-0 6. h3 Nfd7 7. c3 e5 8. Bh2 Nc6 9. 0-0 Re8 10. Na3 Nb6 11. Bb5 Bd7 12. Rc1 a6 13. Be2 f5 14. Nc4 Nxc4 15. Bxc4+ Kh8 16. Bg3 Bf6 17. b4 Na7 18. Qc2 Bb5 19. Bxb5 axb5 20. Rfd1 e4 21. Nd2 d5 22. Ra1 Qd7 23. a4 c6 24. Ra3 Nc8 25. Rda1 Nb6 26. axb5 Rxa3 27. Rxa3 cxb5 28. Qa2 Na4 29. c4 Rc8 30. cxb5 Nc3 31. Qa1 Ne2+ 32. Kh2 Nxg3 33. fxg3 Qxb5 34. Rc3 Rxc3 35. Qxc3 Qc6 36. Qc5 Qxc5 37. bxc5 1/2-1/2

[Event "Eschborn op 09th"]
[Site "Eschborn"]
[Date "2012.06.03"]
[Round "4"]
[White "Barisch, Florian"]
[Black "Mager, Thomas"]
[Result "1-0"]
[WhiteElo "1956"]
[BlackElo "1892"]
[PlyCount "133"]
[EventDate "2012.06.01"]
[EventType "swiss"]
[EventRounds "5"]
[EventCountry "GER"]
[SourceTitle "EXT 2014"]
[Source "ChessBase"]
[SourceDate "2013.11.20"]
[SourceVersion "1"]
[SourceVersionDate "2013.11.20"]
[SourceQuality "1"]

1. d4 f5 2. c4 Nf6 3. Nc3 g6 4. Nf3 Bg7 5. e3 0-0 6. Bd3 d6 7. 0-0 Qe8 8. d5 Na6 9. Qc2 Nb4 10. Qe2 Nxd3 11. Qxd3 c5 12. Rb1 Bd7 13. b3 h6 14. Nd2 a6 15. Bb2 Ng4 16. f4 Nxe3 17. Rfe1 Ng4 18. Nd1 Nf6 19. Qe3 Rf7 20. Nf2 Qf8 21. Re2 Re8 22. Rbe1 Kh7 23. g3 Qg8 24. Bc3 b5 25. Qd3 b4 26. Bb2 a5 27. Nf3 Qf8 28. Qd2 a4 29. Ne5 dxe5 30. fxe5 axb3 31. axb3 Nxd5 32. cxd5 e6 33. Nd3 Bb5 34. d6 Rc8 35. Rf2 Bxd3 36. Qxd3 Qd8 37. Qc4 Qe8 38. Ra1 h5 39. Ra5 Bh6 40. Bc1 Qc6 41. Qxe6 Rd7 42. Bxh6 Kxh6 43. Qc4 Qb6 44. Ra6 Qb8 45. Qf4+ Kg7 46. e6 Ra7 47. Rxa7+ Qxa7 48. d7 Rd8 49. Qe5+ Kh6 50. e7 Qxd7 51. exd8Q Qxd8 52. Qf4+ Kh7 53. Rd2 Qe7 54. Kg2 Qb7+ 55. Kh3 Qc8 56. Qd6 f4+ 57. Qd7+ Qxd7+ 58. Rxd7+ Kh6 59. gxf4 c4 60. bxc4 b3 61. Rb7 b2 62. Rxb2 Kg7 63. Rb6 Kf7 64. Rd6 Kg7 65. c5 Kf7 66. c6 Kg7 67. c7 1-0

[Event "Regionalliga NW 1112"]
[Site "Bayern"]
[Date "2012.04.15"]
[Round "9.5"]
[White "Mager, Thomas"]
[Black "Schultes, Dieter"]
[Result "1-0"]
[WhiteElo "1910"]
[BlackElo "1905"]
[PlyCount "75"]
[EventDate "2011.10.02"]
[EventType "team-tourn"]
[EventRounds "9"]
[EventCountry "GER"]
[SourceTitle "EXT 2015"]
[Source "ChessBase"]
[SourceDate "2014.11.20"]
[SourceVersion "1"]
[SourceVersionDate "2014.11.20"]
[SourceQuality "1"]
[WhiteTeam "Mainaschaff"]
[BlackTeam "Nordhalben"]
[WhiteTeamCountry "GER"]
[BlackTeamCountry "GER"]

1. d4 Nf6 2. c4 g6 3. Nc3 Bg7 4. e4 d6 5. Nf3 0-0 6. Be2 Nc6 7. Be3 e5 8. d5 Ne7 9. Nd2 h6 10. 0-0 Nh7 11. c5 f5 12. f3 dxc5 13. Bxc5 Kh8 14. Rc1 Bd7 15. Nb5 fxe4 16. Nxe4 Bxb5 17. Bxb5 Nxd5 18. Bxf8 Nxf8 19. Bc4 Ne3 20. Qxd8 Rxd8 21. Rfe1 Nf5 22. Red1 Nd4 23. Kf2 Nd7 24. Bf7 c6 25. Bxg6 Nf6 26. b4 Nd5 27. a3 Bf8 28. Nc5 Bxc5 29. Rxc5 Kg7 30. Be4 Kf6 31. Bxd5 cxd5 32. Rc7 Nb5 33. Rxb7 Nxa3 34. Rxa7 Nb5 35. Ra6+ Kg5 36. h4+ Kxh4 37. Rxh6+ Kg5 38. Rdh1 1-0

[Event "Griesheim op"]
[Site "Griesheim"]
[Date "2011.05.??"]
[Round "2"]
[White "Keim, Frank"]
[Black "Mager, Thomas"]
[Result "1-0"]
[WhiteElo "2214"]
[BlackElo "1860"]
[PlyCount "49"]
[EventDate "2011.05.??"]
[EventType "swiss"]
[EventRounds "5"]
[EventCountry "GER"]
[SourceTitle "CBM 142 Extra"]
[Source "ChessBase"]
[SourceDate "2011.06.27"]
[SourceVersion "1"]
[SourceVersionDate "2011.06.27"]
[SourceQuality "1"]

1. e4 e6 2. d4 d5 3. e5 c5 4. c3 Nc6 5. Nf3 Bd7 6. Be2 Qb6 7. 0-0 cxd4 8. cxd4 f6 9. exf6 Nxf6 10. b3 Bd6 11. Ba3 Qc7 12. Bxd6 Qxd6 13. Nc3 0-0 14. Bb5 Ng4 15. g3 Rf6 16. Nh4 Nh6 17. Qd2 Re8 18. Rad1 Ne7 19. Bd3 e5 20. dxe5 Qxe5 21. Rfe1 Qh5 22. Rxe7 Rxe7 23. Nxd5 Ref7 24. Nxf6+ Rxf6 25. Bc4+ 1-0

[Event "Regionalliga NW 1011"]
[Site "Bayern"]
[Date "2010.11.14"]
[Round "3.8"]
[White "Schwarzmann, Holger"]
[Black "Mager, Thomas"]
[Result "0-1"]
[WhiteElo "1729"]
[BlackElo "1832"]
[PlyCount "95"]
[EventDate "2010.10.10"]
[EventType "team-tourn"]
[EventRounds "9"]
[EventCountry "GER"]
[SourceTitle "EXT 2012"]
[Source "ChessBase"]
[SourceDate "2011.11.24"]
[SourceVersion "1"]
[SourceVersionDate "2011.11.24"]
[SourceQuality "1"]
[WhiteTeam "Hoechstadt/Aisch"]
[BlackTeam "Mainaschaff"]
[WhiteTeamCountry "GER"]
[BlackTeamCountry "GER"]

1. c4 f5 2. Nc3 Nf6 3. g3 g6 4. Bg2 Bg7 5. Nf3 0-0 6. 0-0 d6 7. d4 Qe8 8. e3 e5 9. d5 Na6 10. a3 Nc5 11. b4 Nce4 12. Bb2 Bd7 13. Qc2 h6 14. Nd2 Nxc3 15. Qxc3 Qf7 16. b5 f4 17. e4 g5 18. a4 Qh5 19. Qd3 Bh3 20. gxf4 Bxg2 21. Kxg2 exf4 22. Bxf6 Bxf6 23. Ra3 g4 24. Rh1 f3+ 25. Kf1 Qe5 26. Ra2 Rfe8 27. Ke1 Bg5 28. Kd1 Bxd2 29. Qxd2 Qxe4 30. Qxh6 Qb1+ 31. Qc1 Qxc1+ 32. Kxc1 Re4 33. Rc2 Rae8 34. Kd1 Kf7 35. a5 Kf6 36. h3 Rh8 37. h4 Kg6 38. Kd2 Re2+ 39. Kd3 Rhe8 40. h5+ Kh6 41. Rg1 Rxc2 42. Kxc2 Re2+ 43. Kd3 Kxh5 44. Rf1 Kg5 45. Kd4 Kf4 46. c5 Re4+ 47. Kd3 dxc5 48. Rc1 0-1

[Event "Berlin Lichtenberger op 7th"]
[Site "Berlin"]
[Date "2008.08.16"]
[Round "1"]
[White "Mager, Thomas"]
[Black "Kalinitschew, Sergey"]
[Result "0-1"]
[WhiteElo "1901"]
[BlackElo "2456"]
[PlyCount "56"]
[EventDate "2008.08.16"]
[EventType "swiss"]
[EventRounds "9"]
[EventCountry "GER"]
[SourceTitle "CBM 126 Extra"]
[Source "ChessBase"]
[SourceDate "2008.11.05"]
[SourceVersion "1"]
[SourceVersionDate "2008.11.05"]
[SourceQuality "1"]

1. d4 f5 2. g3 Nf6 3. Bg2 g6 4. Nf3 Bg7 5. 0-0 0-0 6. c4 d6 7. Nc3 c6 8. Re1 Na6 9. e4 fxe4 10. Nxe4 Nxe4 11. Rxe4 Bf5 12. Re1 Qd7 13. Bf4 Nb4 14. Nh4 Nc2 15. Nxf5 Nxe1 16. Nxg7 Nxg2 17. Kxg2 Kxg7 18. Qd2 Rf7 19. Bh6+ Kh8 20. Re1 Re8 21. d5 e5 22. dxe6 Rxe6 23. Rxe6 Qxe6 24. Qa5 b6 25. Qg5 Qe4+ 26. Kg1 Qe1+ 27. Kg2 Rxf2+ 28. Kh3 Qe6+ 0-1

[Event "Unterfranken-ch M2 54th"]
[Site "Moembris"]
[Date "2003.04.25"]
[Round "8"]
[White "Simon, Gerold"]
[Black "Mager, Thomas"]
[Result "1/2-1/2"]
[WhiteElo "1682"]
[BlackElo "1742"]
[PlyCount "38"]
[EventDate "2003.04.21"]
[EventType "swiss"]
[EventRounds "9"]
[EventCountry "GER"]
[SourceTitle "EXT 2015"]
[Source "ChessBase"]
[SourceDate "2014.11.20"]
[SourceVersion "1"]
[SourceVersionDate "2014.11.20"]
[SourceQuality "1"]

1. Nf3 Nf6 2. g3 b6 3. Bg2 Bb7 4. 0-0 e6 5. c4 Be7 6. Nc3 0-0 7. d3 c5 8. h3 d5 9. Ne5 Nc6 10. Nxc6 Bxc6 11. a4 Qd7 12. e4 dxc4 13. dxc4 Qb7 14. Qe2 Rfd8 15. f3 Rd7 16. Be3 Rad8 17. Rfd1 h6 18. b3 Bf8 19. Rxd7 Rxd7 1/2-1/2